Robert's Rules of order: (Record no. 14866)

000 -LEADER
fixed length control field 00645nam a2200181 a 4500
001 - CONTROL NUMBER
control field :::00012701$&:&@@
003 - CONTROL NUMBER IDENTIFIER
control field OkBaRHE
005 - DATE AND TIME OF LATEST TRANSACTION
control field 20010425114831.0
008 - FIXED-LENGTH DATA ELEMENTS--GENERAL INFORMATION
fixed length control field s1987 j 000 0 eng u
040 ## - CATALOGING SOURCE
Transcribing agency
100 1# - MAIN ENTRY--PERSONAL NAME
Personal name Robert, Henry Martyn, 1837-1923.
245 10 - TITLE STATEMENT
Title Robert's Rules of order:
Remainder of title the classic manual of parliamentary procedure.
Statement of responsibility, etc Introduction by Judith A. Roberts.
260 ## - PUBLICATION, DISTRIBUTION, ETC. (IMPRINT)
Place of publication, distribution, etc Old Tappan, NJ., :
Name of publisher, distributor, etc Fleming H. Revell Co.
Date of publication, distribution, etc 1987
300 ## - PHYSICAL DESCRIPTION
Extent 204 p. ;
Dimensions 18 cm.
650 ## - SUBJECT ADDED ENTRY--TOPICAL TERM
Topical term or geographic name as entry element Parliamentary Practice
942 ## - ADDED ENTRY ELEMENTS (KOHA)
Source of classification or shelving scheme
Koha item type Books
Copies
Source of classification or shelving scheme Barcode Date last seen Copy number Not for loan Date acquired Withdrawn status Damaged status Price effective from Shelving location Lost status Koha item type Full call number Permanent Location
 127012010-04-141 2010-04-14  2010-04-14General Stacks BooksJF 515 .R65RHEMA Bible Training College